The strongest Strong's exhaustive concordance of the Bible / (Record no. 2072)
[ view plain ]
| 000 -LEADER | |
|---|---|
| fixed length control field | 01024cam a22002534a 4500 |
| 001 - CONTROL NUMBER | |
| control field | 12408528 |
| 005 - DATE AND TIME OF LATEST TRANSACTION | |
| control field | 20241211162627.0 |
| 008 - FIXED-LENGTH DATA ELEMENTS--GENERAL INFORMATION | |
| fixed length control field | 010515s2001 miub d 000 0 eng |
| 020 ## - INTERNATIONAL STANDARD BOOK NUMBER | |
| International Standard Book Number | 0310233437 (alk. paper) |
| 050 00 - LIBRARY OF CONGRESS CALL NUMBER | |
| Classification number | BS425 |
| Item number | .S8 2001b |
| 082 00 - DEWEY DECIMAL CLASSIFICATION NUMBER | |
| Classification number | 220.5/2033 |
| Edition information | 21 |
| 100 1# - MAIN ENTRY--PERSONAL NAME | |
| Personal name | Strong, James, |
| Dates associated with a name | 1822-1894. |
| 245 14 - TITLE STATEMENT | |
| Title | The strongest Strong's exhaustive concordance of the Bible / |
| Statement of responsibility, etc. | James Strong. |
| 250 ## - EDITION STATEMENT | |
| Edition statement | 21st century ed., fully rev. and corrected / |
| Remainder of edition statement | by John R. Kohlenberger III and James A. Swanson. |
| 260 ## - PUBLICATION, DISTRIBUTION, ETC. | |
| Place of publication, distribution, etc. | Grand Rapids, Mich. : |
| Name of publisher, distributor, etc. | Zondervan, |
| Date of publication, distribution, etc. | c2001. |
| 300 ## - PHYSICAL DESCRIPTION | |
| Extent | xvi, 1742 p. : |
| Other physical details | maps ; |
| Dimensions | 29 cm. |
| 650 #0 - SUBJECT ADDED ENTRY--TOPICAL TERM | |
| Topical term or geographic name entry element | Hebrew language |
| Form subdivision | Dictionaries |
| General subdivision | English. |
| 650 #0 - SUBJECT ADDED ENTRY--TOPICAL TERM | |
| Topical term or geographic name entry element | Greek language, Biblical |
| Form subdivision | Dictionaries |
| General subdivision | English. |
| 700 1# - ADDED ENTRY--PERSONAL NAME | |
| Personal name | Kohlenberger, John R. |
| 700 1# - ADDED ENTRY--PERSONAL NAME | |
| Personal name | Swanson, James A., |
| Dates associated with a name | 1952- |
| 700 1# - ADDED ENTRY--PERSONAL NAME | |
| Personal name | Strong, James, |
| Dates associated with a name | 1822-1894. |
| Title of a work | Exhaustive concordance of the Bible. |
| 856 42 - ELECTRONIC LOCATION AND ACCESS | |
| Materials specified | Publisher description |
| Uniform Resource Identifier | <a href="http://www.loc.gov/catdir/enhancements/fy0633/2001026577-d.html">http://www.loc.gov/catdir/enhancements/fy0633/2001026577-d.html</a> |
| 942 ## - ADDED ENTRY ELEMENTS (KOHA) | |
| Source of classification or shelving scheme | Library of Congress Classification |
| Koha item type | Books |
| Suppress in OPAC | No |
| 999 ## - | |
| -- | 2072 |
| -- | 2072 |
| Withdrawn status | Lost status | Source of classification or shelving scheme | Damaged status | Not for loan | Collection | Home library | Current library | Shelving location | Date acquired | Total checkouts | Full call number | Barcode | Date last seen | Copy number | Price effective from | Koha item type |
|---|---|---|---|---|---|---|---|---|---|---|---|---|---|---|---|---|
| Library of Congress Classification | Non-fiction | Graduate Library (Christ Temple) | Graduate Library (Christ Temple) | Reference | 12/11/2024 | REF 425.s8 STR | GSCT00000242 | 12/11/2024 | 1 | 12/11/2024 | Books |